The business of being a writer /

Bibliographic Details
Main Author: Goldin, Stephen
Other Authors: Sky, Kathleen
Format: Book
Language:English
Published: New York : Harper & Row, [1982]
Edition:1st ed.
Subjects:

MARC

Tag First Indicator Second Indicator Subfields
LEADER 00000cam a22000008a 4500
001 in00000089612
005 20151008065435.0
008 811026s1982 nyu b 00110 eng
010 |a  81048035  
020 |a 0060149779 :  |c $12.91 
035 |a (OCoLC)07946792 
035 |9 AAK5952AM 
039 0 |a 2  |b 3  |c 3  |d 3  |e 3 
040 |a DLC  |c DLC  |d TXA  |d UtOrBLW 
049 |a TXAM  |c [1443195] 
050 0 0 |a PN151  |b .G6 1982 
082 0 |a 808/.02  |2 19 
100 1 |a Goldin, Stephen. 
245 1 4 |a The business of being a writer /  |c Stephen Goldin and Kathleen Sky. 
250 |a 1st ed. 
263 |a 8205 
264 1 |a New York :  |b Harper & Row,  |c [1982] 
264 4 |c ©1982 
300 |a xiv, 321 pages ;  |c 22 cm. 
336 |a text  |b txt  |2 rdacontent 
337 |a unmediated  |b n  |2 rdamedia 
338 |a volume  |b nc  |2 rdacarrier 
500 |a Includes index. 
504 |a Bibliography: pages [311]-313. 
650 0 |a Authorship. 
650 0 |a Authors and publishers. 
700 1 |a Sky, Kathleen. 
999 |a MARS 
999 f f |s a7cf2daa-507c-357b-b25a-c0d9f32fbf21  |i a604c67b-9f6b-3af9-be1d-dc3230c337ae  |t 0 
952 f f |p ric  |a Texas A&M University  |b Rellis Campus  |c Joint Library Facility  |d Remote Storage  |t 0  |e PN151 .G6 1982  |h Library of Congress classification  |i unmediated -- volume  |m A14806177072 
998 f f |a PN151 .G6 1982  |t 0  |l Remote Storage